|
|
|
|
| LEADER |
00854cam a2200229 7i4500 |
| 001 |
0000019646 |
| 005 |
20191107090000.0 |
| 008 |
080111 eng |
| 020 |
|
|
|a 0070674914 (hbk.)
|
| 040 |
|
|
|a DLC
|
| 090 |
0 |
0 |
|a QA273
|b .V56 1998
|
| 100 |
1 |
|
|a Viniotis, Yannis
|
| 245 |
1 |
0 |
|a Probability and random processes for electrical engineers
|c Yannis Viniotis.
|
| 260 |
|
|
|a Boston:
|b WCB/McGraw-Hill,
|c 1998.
|
| 300 |
|
|
|a xviii, 676 p.:
|b ill.;
|c 25 cm.
|
| 490 |
0 |
|
|a McGraw-Hill series in electrical and computer engineering
|
| 504 |
|
|
|a Includes bibliographical references and index
|
| 650 |
0 |
0 |
|a Electric engineering --
|x Mathematics
|
| 650 |
0 |
0 |
|a Stochastic processes
|
| 650 |
0 |
0 |
|a Probabilities
|
| 997 |
|
|
|a Engineering & Life Sciences, Faculty
|b Engineering, Department
|
| 999 |
|
|
|a 0000022846
|b BOK
|c OPEN SHELF
|e 2nd Floor, Bestari Jaya
|